Computing essentials 2008 / (Record no. 6024)

MARC details
000 -LEADER
fixed length control field 01176nac a22003131u 4500
090 ## - LOCALLY ASSIGNED LC-TYPE CALL NUMBER (OCLC); LOCAL CALL NUMBER (OCLC)
-- 6024
008 - FIXED-LENGTH DATA ELEMENTS--GENERAL INFORMATION
fixed length control field 080818t xxu||||| |||| 00| 0 eng d
010 ## - LIBRARY OF CONGRESS CONTROL NUMBER
LC control number 2006100097
020 ## - INTERNATIONAL STANDARD BOOK NUMBER
International Standard Book Number 9780073294681 (alk. paper)
020 ## - INTERNATIONAL STANDARD BOOK NUMBER
International Standard Book Number 0073294683 (alk. paper)
082 00 - DEWEY DECIMAL CLASSIFICATION NUMBER
Classification number 004
Item number OLE
100 ## - MAIN ENTRY--PERSONAL NAME
Personal name O'Leary, Timothy J.,
245 10 - TITLE STATEMENT
Title Computing essentials 2008 /
Statement of responsibility, etc Timothy J. O'Leary, Linda I. O'Leary.
250 ## - EDITION STATEMENT
Edition statement Introductory ed.
260 ## - PUBLICATION, DISTRIBUTION, ETC. (IMPRINT)
Place of publication, distribution, etc Boston :
Name of publisher, distributor, etc McGraw-Hill/Irwin,c2008.
Date of publication, distribution, etc c2008.
300 ## - PHYSICAL DESCRIPTION
Extent p. cm.
490 0# - Series Statement
Series statement O'Leary series
500 ## - GENERAL NOTE
General note Includes index.
500 ## - GENERAL NOTE
General note International Edition.
500 ## - GENERAL NOTE
General note Distributer: Baccah.
511 ## - PARTICIPANT OR PERFORMER NOTE
Participant or performer note Catalogued By: Mahitab.
650 #0 - SUBJECT ADDED ENTRY--TOPICAL TERM
Topical term or geographic name as entry element Computers.
650 #0 - SUBJECT ADDED ENTRY--TOPICAL TERM
Topical term or geographic name as entry element Electronic data processing.
700 1# - ADDED ENTRY--PERSONAL NAME
Personal name O'Leary, Linda I.
856 41 - ELECTRONIC LOCATION AND ACCESS
Materials specified Table of contents only
Uniform Resource Identifier <a href="http://www.loc.gov/catdir/toc/ecip076/2006100097.html">http://www.loc.gov/catdir/toc/ecip076/2006100097.html</a>
856 41 - ELECTRONIC LOCATION AND ACCESS
Materials specified Contributor biographical information
Uniform Resource Identifier <a href="http://www.loc.gov/catdir/enhancements/fy0642/2006100097-b.html">http://www.loc.gov/catdir/enhancements/fy0642/2006100097-b.html</a>
942 ## - ADDED ENTRY ELEMENTS (KOHA)
Item type NB - Book (Non borrowing)
Call number prefix 004OLE
Source of classification or shelving scheme Dewey Decimal Classification
Holdings
Withdrawn status Item status Source of classification or shelving scheme Damaged status Not for loan Home library Current library Shelving location Date acquired Source of acquisition Total Checkouts Full call number Barcode Date last seen Date last borrowed Koha item type
    Dewey Decimal Classification     Central Library Central Library Lower Floor 07/11/2012 Purchase 1 004 OLE 000006966 15/07/2025 18/08/2008 NB - Book (Non borrowing)